000 00629nam a22001937a 4500
005 20160719103120.0
010 _aENG-115453
020 _a9789351439004
_c650.00
035 _aEN-98985
037 _bDBAD/PUB
082 _a343.540552
100 _aRastogi,Abhishek A.
245 _aPocket guide to service tax :
_bas amended by the finance act,2016 /
_cAbhishek A.Rastogi
250 _b5th ed.
260 _aGurgaon
_bLexisNexis
_c2016
270 _a14th Floor, Buiding N0-10,Tower-B,DLF Cyber City,Phase-II
_bGurgaon
_e122002
300 _axcviii,1040p.
_c17cm (pbk)
942 _2ddc
_cEN
_h343.540552
_mRAS
999 _c101348
_d101348